| 000 | 00929nam0a22002531 4500 | ||
|---|---|---|---|
| 001 | rc\3163936 | ||
| 005 | 20260407140336.0 | ||
| 021 |
_aRU _bРг13383-76 |
||
| 021 |
_aRU _b76-41842 |
||
| 035 | _a(NLR Aleph) 007304155 | ||
| 090 |
_a5741720 _c5741720 |
||
| 100 | _a20120615d1976 |||y0rusy50 ca | ||
| 101 | 0 | _arus | |
| 102 | _aRU | ||
| 105 | _ay z ||||| | ||
| 200 | 1 |
_aОпыт совершенствования породных и продуктивных качеств романовских овец в хозяйствах Ярославской области _fМ-во с. х. РСФСР. Росплемобъединение |
|
| 210 |
_aМосква _cРоссельхозиздат _d1976 |
||
| 215 |
_a8 с. _d22 |
||
| 712 | 0 | 2 |
_aРосплемобъединение _3RU\NLR\AUTH\8810006189 _9509858 |
| 801 | 0 |
_aRU _bNLR _gpsbo |
|
| 801 | 1 |
_aRU _bELAR _2rusmarc |
|
| 852 |
_aNLR _j76-6/7162 |
||
| 942 | _cBOOK | ||
| 980 | _aNB | ||